Communication for society: (Record no. 3428)

MARC details
000 -LEADER
fixed length control field 00801nam a22002417a 4500
003 - CONTROL NUMBER IDENTIFIER
control field OSt
005 - DATE AND TIME OF LATEST TRANSACTION
control field 20250707081708.0
008 - FIXED-LENGTH DATA ELEMENTS--GENERAL INFORMATION
fixed length control field 250707b |||||||| |||| 00| 0 eng d
020 ## - INTERNATIONAL STANDARD BOOK NUMBER
International Standard Book Number First edition.
040 ## - CATALOGING SOURCE
Original cataloging agency DWCL - Main lib
Transcribing agency OC
082 ## - DEWEY DECIMAL CLASSIFICATION NUMBER
Classification number Fil. 302.2 U97c 2018
100 ## - MAIN ENTRY--PERSONAL NAME
Personal name Uychoco, Marikit Tara A.
245 ## - TITLE STATEMENT
Title Communication for society:
Remainder of title purposive communication/
Statement of responsibility, etc. Marikit Tara A. Uychoco
250 ## - EDITION STATEMENT
Edition statement First edition.
260 ## - PUBLICATION, DISTRIBUTION, ETC.
Place of publication, distribution, etc. Manila :
Name of publisher, distributor, etc. Rex Book store,
Date of publication, distribution, etc. c2018.
300 ## - PHYSICAL DESCRIPTION
Extent xii, 232 pages :
Other physical details illustrations ;
Dimensions 26cm.
504 ## - BIBLIOGRAPHY, ETC. NOTE
Bibliography, etc. note Includes bibliographical references and index.
650 ## - SUBJECT ADDED ENTRY--TOPICAL TERM
Topical term or geographic name entry element 1. Communication.
650 ## - SUBJECT ADDED ENTRY--TOPICAL TERM
Topical term or geographic name entry element 2. Creative writing.
650 ## - SUBJECT ADDED ENTRY--TOPICAL TERM
Topical term or geographic name entry element 3. Public speaking.
700 ## - ADDED ENTRY--PERSONAL NAME
Personal name Maria Lorena Santos
942 ## - ADDED ENTRY ELEMENTS (KOHA)
Source of classification or shelving scheme Dewey Decimal Classification
Koha item type Book-Filipiniana
Edition First edition.
Call number prefix Fil.
Suppress in OPAC No
952 ## - LOCATION AND ITEM INFORMATION (KOHA)
--
952 ## - LOCATION AND ITEM INFORMATION (KOHA)
--
952 ## - LOCATION AND ITEM INFORMATION (KOHA)
--
Holdings
Withdrawn status Lost status Source of classification or shelving scheme Damaged status Not for loan Home library Current library Shelving location Date acquired Source of acquisition Cost, normal purchase price Total Checkouts Full call number Barcode Date last seen Copy number Price effective from Koha item type Uniform Resource Identifier
    Dewey Decimal Classification     College Library College Library Filipiniana 07/03/2018 School Fund 248.00   Fil. 302.2 U97c 2018 CL51787 07/07/2025 c3 07/07/2025 BK - FIL
    Dewey Decimal Classification     College Library College Library Filipiniana 07/03/2018 School Fund 248.00   Fil. 302.2 U97c 2018 CL51786 07/07/2025 c2 07/07/2025 BK - FIL
    Dewey Decimal Classification     College Library College Library Filipiniana 07/03/2018 School Fund 248.00   Fil. 302.2 U97c 2018 CL51785 07/07/2025 c1 07/07/2025 BK - FIL